000 00580nam a22002177a 4500
003 DO-SdBNP
005 20240710110823.0
007 ta
008 210917b 2018 dr 00| 0 eng d
020 _a9789945168884
040 _aDO-SdBNP
_bspa
_cBNPHU
082 4 _aBNPHU
_bM181m
100 1 _aMade, Ana
_979809
245 1 _aMelodías para hipnos /
_cAna Made ; edición Amable Mejía
260 _aSanto Domingo :
_bBúho,
_c2018.
300 _a61 p. ;
_c22 cm.
490 0 _aFlor de cactus
700 1 _aMejía, Amable,
_eedi ción
_937015
910 _aBtavárez
942 _2ddc
_cLBS1
999 _c50565
_d50565